Dilemas na Constituição / (Record no. 241)
[ view plain ]
| 000 -LÍDER | |
|---|---|
| Campo Fixo de Controle | 00842cam a2200253 a 4500 |
| 001 - NÚMERO DE CONTROLE | |
| Campo de Controle | 241 |
| 003 - IDENTIFICAÇÃO DO NÚMERO DE CONTROLE | |
| Campo de Controle | BR-CuiBMT |
| 005 - DATA E HORA DA ÚLTIMA ATUALIZAÇÃO | |
| Campo de Controle | 20231117225415.0 |
| 008 - DADOS FIXOS | |
| Dados Fixos | 230905s2017 mgb 000 0 por d |
| 020 ## - INTERNATIONAL STANDARD BOOK NUMBER | |
| Nº do ISBN | 9788545002369 |
| 040 ## - AGÊNCIA CATALOGADORA | |
| Código da Agência Catalogadora | BR-CuiBMT |
| Agência que transcreveu o registro | BR-CuiBMT |
| 080 ## - Nº DA CLASSIFICAÇÃO DECIMAL UNIVERSAL | |
| Nº edição CDU | 2007 |
| Nº Class. CDU | 342 |
| 090 ## - NÚMERO DE CHAMADA | |
| Nº classificação | 342 |
| Cutter | D576 |
| 245 00 - TÍTULO PRINCIPAL | |
| Título principal | Dilemas na Constituição / |
| Indicação de responsabilidade | Alfredo Copetti Neto, George Salomão Leite, Glauco Salomão Leite, coordenadores ; prefácio Dalmo de Abreu Dallari. |
| 260 ## - PUBLICAÇÃO, DISTRIBUIÇÃO, ETC. | |
| Local de publicação | Belo Horizonte : |
| Editora | Fórum, |
| Data | 2017. |
| 300 ## - DESCRIÇÃO FÍSICA | |
| N. páginas ou volumes | 446 p. ; |
| Dimensões | 24 cm |
| 504 ## - NOTA DE BIBLIOGRAFIA, ETC. | |
| Nota de bibliografia | Inclui bibliografia. |
| 650 ## - ASSUNTO TÓPICO | |
| Cabeçalho tópico ou nome geográfico | Direito constitucional |
| Subdivisão geográfica | Brasil |
| 650 ## - ASSUNTO TÓPICO | |
| Cabeçalho tópico ou nome geográfico | Direito processual constitucional |
| Subdivisão geográfica | Brasil |
| 700 1# - ENTRADA SECUNDÁRIA -- NOME PESSOAL | |
| Nome pessoal | Copetti Neto, Alfredo |
| Cód. do termo explicativo | coord. |
| 700 1# - ENTRADA SECUNDÁRIA -- NOME PESSOAL | |
| Nome pessoal | Leite, George Salomão |
| Cód. do termo explicativo | coord. |
| 700 1# - ENTRADA SECUNDÁRIA -- NOME PESSOAL | |
| Nome pessoal | Leite, Glauco Salomão |
| Cód. do termo explicativo | coord. |
| 942 ## - ELEMENTOS DE ENTRADA ADICIONAIS (KOHA) | |
| Fonte de classificação ou esquema de arquivamento | Classificação Decimal Universal |
| Tipo de item do Koha | Livros |
| Estado: removido | Estado: perdido | Fonte de classificação ou esquema de arquivamento | Estado: danificado | Indisponível para empréstimo | Localização permanente | Localização atual | Data de aquisição | Total Checkouts | Número de Chamada completo | Código de barras | Date last seen | Número do exemplar | Preço efetivo a partir de | Tipo de item (Koha) |
|---|---|---|---|---|---|---|---|---|---|---|---|---|---|---|
| Classificação Decimal Universal | Biblioteca da Escola Superior de Contas do TCE/MT | Biblioteca da Escola Superior de Contas do TCE/MT | 28/07/2023 | 342 D576 | BIBTCEMT23090015 | 05/09/2023 | Ex. 1 | 05/09/2023 | Livros |